Microbiología

Gespeichert in:
Bibliographische Detailangaben
1. Verfasser: Stanier, Roger Y
Weitere Verfasser: Doudoroff, Michael, Adelberg, Edward A
Format: Buch
Sprache:Spanisch
Veröffentlicht: Madrid, España Aguilar 1981
Schlagworte:
Tags: Tag hinzufügen
Keine Tags, Fügen Sie den ersten Tag hinzu!

MARC

LEADER 00000nam a2200000 a 4500
001 UCZ1278
003 CL-VaPUC
005 20250424171448.0
008 950817e19810000SP |||||||||||||||||spa|d
999 |c 238049  |d 238047 
040 |c Pontificia Universidad Católica de Valparaíso 
082 0 4 |a 576 STA 1981  |2 21 
100 0 |a Stanier, Roger Y  |9 344805 
245 1 0 |a Microbiología 
260 |a Madrid, España  |b Aguilar  |c 1981 
300 |a 932 páginas 
583 |a last modification  |c 20180605 12:44:32  |k Rodrigo Vera 
650 0 |a Microbiología   |9 259706 
650 0 |a Virus  |9 316452 
650 0 |a Bacterias  |9 298237 
650 7 |a CRECIMIENTO  |2 CL-VaPUC  |9 344809 
650 0 |a Metabolismo  |9 259893 
650 0 |a Genética  |9 259443 
700 0 |a Doudoroff, Michael  |9 344806 
700 0 |a Adelberg, Edward A  |9 344807 
942 |c BK  |2 ddc 
945 |d 19950817 00:00:00  |a awong